000 00776nam a2200241Ia 4500
003 OSt
005 20221005103412.0
006 a|||||r|||| 00| 0
007 ta
008 221004b |||||||| |||| 00| 0 hin d
024 _a29956
037 _cTextual
040 _aCRL
_cCRL
_bhin
041 _2hin
_ahin
082 _aW, 0152L5
100 _aशर्मा, मथुरालाल
245 0 _aअन्तर्राष्ट्रीय राजनीति
246 _aAntarrāṣhṭrīya rājanīti
260 _aजयपुर
_bकॉलेज बुक डिपो भारत
_c1975
300 _a376पृ.
_ccm.
942 _hW, 0152L5
_cTEXL
_2cc
999 _c1009987
_d1009987